000 01524nam0a22002531 4500
001 rc\4440851
005 20260407134844.0
021 _aRU
_b[68-85882]
035 _a(NLR Aleph) 008581542
090 _a8588261
_c8588261
100 _a20130416d1968 |||y0rusy50 ca
101 0 _arus
102 _aRU
105 _aa z |||||
200 1 _aИнструктивное письмо о мероприятиях по снижению шума виброплощадок на заводах железобетонных изделий
_fМ-во пром-сти строит. материалов СССР. Уральский науч.-исслед. и проектный ин-т строит. материалов "Уралниистромпроект". М-во строит., дор. и коммун. машиностроения СССР. Всесоюз. гос. проектно-конструкторский ин-т "Гипростроммаш"
210 _aЧелябинск
_cБ. и.
_d1968
215 _a15 с.
_cчерт.
_d20
606 _aЗаводы железобетонных изделий и конструкций
_xБорьба с шумом и вибрацией
_2psbo
712 0 2 _aУральский научно-исследовательский и проектный институт строительных материалов
_cЧелябинск
_9502870
_3RU\NLR\AUTH\8810002818
801 0 _aRU
_bNLR
_gpsbo
801 1 _aRU
_bELAR
_2rusmarc
852 _aNLR
_j68-4/24181
942 _cBOOK
980 _aNB